QUEST Central Library Banner

Foundations of pakistan : (Record no. 14084)

MARC details
000 -LEADER
fixed length control field 00558nam a2200145 a 4500
100 1# - MAIN ENTRY--AUTHOR NAME
Personal name Pirzada, Syed Sharifuddin, ed.
245 10 - TITLE STATEMENT
Title Foundations of pakistan :
260 ## - PUBLICATION, DISTRIBUTION, ETC. (IMPRINT)
Place of publication [S.l.] :
Name of publisher Karachi/Dacca: National Publishing House,,
Year of publication 1969.
300 ## - PHYSICAL DESCRIPTION
Number of Pages 1 v. (unpaged)
500 ## - GENERAL NOTE
General note Import.
856 40 - ELECTRONIC LOCATION AND ACCESS
Uniform Resource Identifier http://www.amazon.com/exec/obidos/ASIN/B0000D5ILV/chopaconline-20
Holdings
Withdrawn status Lost status Home library Current library Date acquired Cost, normal purchase price Full call number Accession Number Koha item type
    Central Library, QUEST, Nawabshah Central Library, QUEST, Nawabshah 16/09/2015 200.00 954.7SHA 11865 Books
    Central Library, QUEST, Nawabshah Central Library, QUEST, Nawabshah 27/07/2017 200.00 954.7SHA 11866 Books

Copyright © 2018,The QUEST, Nawabshah, Shaheed Benazirabad. All rights reserved
Mr. G. Farooq Channar (Librarian) QUEST, Nawabshah, Sindh, Pakistan 67480.
 Ph#: |   0244-9370381-4 Ext. 2308   Email| lib@quest.edu.pk   Web|  http://www.quest.edu.pk